Program odpadového hospodárstva diplomová práca

Saved in:
Bibliographic Details
Main Author: Muchová, Eva
Corporate Author: Podnikovohospodárska fakulta EU so sídlom v Košiciach. Katedra ekonómie
Other Authors: Podolcová, Marta
Format: Book
Language:Slovak
Published: Košice 2009
Tags: Add Tag
No Tags, Be the first to tag this record!

MARC

LEADER 00000nam$a2200000$$$4500
001 0098813
005 20240827092913.0
041 0 |a slo 
044 |a SK 
245 1 0 |a Program odpadového hospodárstva  |b diplomová práca  |c Eva Muchová ; škol. Marta Podolcová 
264 1 |a Košice  |c 2009 
300 |a 91 s. 
100 1 |a Muchová, Eva 
700 1 |a Podolcová, Marta 
710 2 |a Podnikovohospodárska fakulta EU so sídlom v Košiciach. Katedra ekonómie